Elenco comuni italiani -Lettera T - Statistics

Statistiche generali
  • Questo quiz è stato fatto 49 volte
  • Il punteggio medio è 39 su 365
Statistiche sulle risposte
Comune Provincia Regione Abitanti % Corretto
Terni (capoluogo di provincia) Umbria 107982
87%
Torino (capoluogo di provincia) Piemonte 858205
87%
Taranto (capoluogo di provincia) Puglia 190717
83%
Teramo (capoluogo di provincia) Abruzzo 52476
83%
Trani Barletta-Andria-Trani Puglia 54848
78%
Trento (capoluogo di provincia) Trentino-Alto Adige 118879
78%
Trevi Perugia Umbria 8130
78%
Termoli Campobasso Molise 32560
74%
Torre del Greco Napoli Campania 81655
74%
Torre Annunziata Napoli Campania 40674
70%
Trapani (capoluogo di provincia) Sicilia 56709
70%
Treviso (capoluogo di provincia) Veneto 84837
70%
Trieste (capoluogo di provincia) Friuli-Venezia Giulia 200609
70%
Tolmezzo Udine Friuli-Venezia Giulia 9998
61%
Taormina Messina Sicilia 10492
57%
Termini Imerese Palermo Sicilia 25173
57%
Terracina Latina Lazio 44495
57%
Tivoli Roma Lazio 55150
57%
Todi Perugia Umbria 15877
57%
Tortona Alessandria Piemonte 26713
57%
Taggia Imperia Liguria 13869
52%
Talla Arezzo Toscana 980
52%
Trezzano sul Naviglio Milano Lombardia 21453
52%
Tarvisio Udine Friuli-Venezia Giulia 4102
48%
Tortoreto Teramo Abruzzo 11810
48%
Tricase Lecce Puglia 17129
48%
Teano Caserta Campania 11518
43%
Ton Trento Trentino-Alto Adige 1321
43%
Tempio Pausania Gallura Nord-Est Sardegna Sardegna 13443
39%
Thiene Vicenza Veneto 23964
39%
Tropea Vibo Valentia Calabria 6022
39%
Turri Medio Campidano Sardegna 398
39%
Tagliacozzo L'Aquila Abruzzo 6443
35%
Tarquinia Viterbo Lazio 16153
35%
Trebisacce Cosenza Calabria 8647
35%
Trevignano Treviso Veneto 10704
35%
Tricarico Matera Basilicata 4890
35%
Tuscania Viterbo Lazio 8168
35%
Taurianova Reggio Calabria Calabria 14884
30%
Turi Bari Puglia 12919
30%
Taleggio Bergamo Lombardia 535
26%
Tarsia Cosenza Calabria 1883
26%
Terlizzi Bari Puglia 26245
26%
Terranova da Sibari Cosenza Calabria 4673
26%
Tirano Sondrio Lombardia 8829
26%
Tolfa Roma Lazio 4828
26%
Tradate Varese Lombardia 18797
26%
Treviglio Bergamo Lombardia 30557
26%
Trevignano Romano Roma Lazio 5696
26%
Trezzo sull'Adda Milano Lombardia 11981
26%
Troia Foggia Puglia 6804
26%
Telgate Bergamo Lombardia 4948
22%
Tolentino Macerata Marche 18498
22%
Tollo Chieti Abruzzo 3948
22%
Torrice Frosinone Lazio 4772
22%
Torricella Taranto Puglia 4175
22%
Travagliato Brescia Lombardia 13743
22%
Turate Como Lombardia 9481
22%
Taurisano Lecce Puglia 11328
17%
Tavagnacco Udine Friuli-Venezia Giulia 14780
17%
Taviano Lecce Puglia 11531
17%
Teglio Sondrio Lombardia 4445
17%
Tirolo Bolzano Trentino-Alto Adige 2530
17%
Tonara Nuoro Sardegna 1851
17%
Torretta Palermo Sicilia 4173
17%
Tortolì Ogliastra Sardegna 10969
17%
Toscolano Maderno Brescia Lombardia 7655
17%
Trecate Novara Piemonte 20395
17%
Treviso Bresciano Brescia Lombardia 520
17%
Taibon Agordino Belluno Veneto 1728
13%
Tarcento Udine Friuli-Venezia Giulia 8830
13%
Taverna Catanzaro Calabria 2522
13%
Tavernola Bergamasca Bergamo Lombardia 2001
13%
Tavullia Pesaro e Urbino Marche 7878
13%
Temù Brescia Lombardia 1103
13%
Tignale Brescia Lombardia 1203
13%
Tione di Trento Trento Trentino-Alto Adige 3665
13%
Torbole Casaglia Brescia Lombardia 6409
13%
Torino di Sangro Chieti Abruzzo 2971
13%
Toritto Bari Puglia 8096
13%
Toro Campobasso Molise 1271
13%
Torremaggiore Foggia Puglia 16690
13%
Torriglia Genova Liguria 2198
13%
Trebaseleghe Padova Veneto 12941
13%
Trecase Napoli Campania 8643
13%
Trecastagni Catania Sicilia 11073
13%
Tremosine sul Garda Brescia Lombardia 2066
13%
Trenzano Brescia Lombardia 5427
13%
Trescore Balneario Bergamo Lombardia 9644
13%
Triggiano Bari Puglia 26321
13%
Trinità Cuneo Piemonte 2223
13%
Trinitapoli Barletta-Andria-Trani Puglia 14001
13%
Trino Vercelli Piemonte 6771
13%
Truccazzano Milano Lombardia 5853
13%
Turbigo Milano Lombardia 7092
13%
Taceno Lecco Lombardia 539
9%
Tadasuni Oristano Sardegna 146
9%
Taglio di Po Rovigo Veneto 8030
9%
Tagliolo Monferrato Alessandria Piemonte 1510
9%
Taino Varese Lombardia 3584
9%
Taipana Udine Friuli-Venezia Giulia 554
9%
Tavernole sul Mella Brescia Lombardia 1213
9%
Tenno Trento Trentino-Alto Adige 1992
9%
Terlano Bolzano Trentino-Alto Adige 4699
9%
Termeno sulla Strada del Vino Bolzano Trentino-Alto Adige 3473
9%
Terralba Oristano Sardegna 9830
9%
Terrasini Palermo Sicilia 12483
9%
Terrazzo Verona Veneto 2146
9%
Terzigno Napoli Campania 17482
9%
Tesero Trento Trentino-Alto Adige 2935
9%
Tiana Ogliastra Sardegna 457
9%
Tiglieto Genova Liguria 495
9%
Toirano Savona Liguria 2655
9%
Tombolo Padova Veneto 8268
9%
Torreano Udine Friuli-Venezia Giulia 2059
9%
Torre Boldone Bergamo Lombardia 8631
9%
Torre de' Picenardi Cremona Lombardia 2061
9%
Torricella Peligna Chieti Abruzzo 1189
9%
Torri del Benaco Verona Veneto 3062
9%
Tortorella Salerno Campania 480
9%
Tortorici Messina Sicilia 5908
9%
Trabia Palermo Sicilia 10279
9%
Tremestieri Etneo Catania Sicilia 19892
9%
Trepuzzi Lecce Puglia 14100
9%
Trevico Avellino Campania 880
9%
Tre Ville Trento Trentino-Alto Adige 1404
9%
Treville Alessandria Piemonte 268
9%
Treviolo Bergamo Lombardia 10819
9%
Trezzano Rosa Milano Lombardia 5297
9%
Trofarello Torino Piemonte 10611
9%
Troina Enna Sicilia 8699
9%
Tufino Napoli Campania 3401
9%
Tufo Avellino Campania 796
9%
Tuglie Lecce Puglia 5091
9%
Talamello Rimini Emilia-Romagna 1065
4%
Talamona Sondrio Lombardia 4638
4%
Tambre Belluno Veneto 1292
4%
Tarzo Treviso Veneto 4228
4%
Teana Potenza Basilicata 551
4%
Teggiano Salerno Campania 7221
4%
Teglio Veneto Venezia Veneto 2244
4%
Teolo Padova Veneto 8941
4%
Terento Bolzano Trentino-Alto Adige 1771
4%
Ternate Varese Lombardia 2537
4%
Terrassa Padovana Padova Veneto 2690
4%
Terre del Reno Ferrara Emilia-Romagna 9826
4%
Terre Roveresche Pesaro e Urbino Marche 5143
4%
Terricciola Pisa Toscana 4439
4%
Terzo Alessandria Piemonte 846
4%
Teverola Caserta Campania 14338
4%
Tezze sul Brenta Vicenza Veneto 12820
4%
Ticengo Cremona Lombardia 415
4%
Tiggiano Lecce Puglia 2778
4%
Tiriolo Catanzaro Calabria 3650
4%
Tissi Sassari Sardegna 2343
4%
Tito Potenza Basilicata 7162
4%
Tizzano Val Parma Parma Emilia-Romagna 2122
4%
Toano Reggio Emilia Emilia-Romagna 4195
4%
Tocco Caudio Benevento Campania 1435
4%
Tonezza del Cimone Vicenza Veneto 505
4%
Tora e Piccilli Caserta Campania 821
4%
Torano Nuovo Teramo Abruzzo 1523
4%
Torcegno Trento Trentino-Alto Adige 673
4%
Torchiara Salerno Campania 1805
4%
Torella dei Lombardi Avellino Campania 1973
4%
Torella del Sannio Campobasso Molise 720
4%
Torgiano Perugia Umbria 6644
4%
Tornareccio Chieti Abruzzo 1669
4%
Torraca Salerno Campania 1204
4%
Torrazzo Biella Piemonte 207
4%
Torrebelvicino Vicenza Veneto 5816
4%
Torre Cajetani Frosinone Lazio 1310
4%
Torre Canavese Torino Piemonte 616
4%
Torrecuso Benevento Campania 3307
4%
Torre d'Arese Pavia Lombardia 935
4%
Torre de' Busi Bergamo Lombardia 2170
4%
Torre de' Negri Pavia Lombardia 315
4%
Torre de' Passeri Pescara Abruzzo 2905
4%
Torre di Mosto Venezia Veneto 4768
4%
Torre di Ruggiero Catanzaro Calabria 967
4%
Torreglia Padova Veneto 6137
4%
Torregrotta Messina Sicilia 7239
4%
Torre Le Nocelle Avellino Campania 1211
4%
Torrenova Messina Sicilia 4440
4%
Torre Orsaia Salerno Campania 1987
4%
Torre Pellice Torino Piemonte 4554
4%
Torre San Patrizio Fermo Marche 1919
4%
Torre Santa Susanna Brindisi Puglia 10206
4%
Torresina Cuneo Piemonte 47
4%
Torricella del Pizzo Cremona Lombardia 584
4%
Torricella Sicura Teramo Abruzzo 2497
4%
Torri di Quartesolo Vicenza Veneto 11766
4%
Torrioni Avellino Campania 460
4%
Tortora Cosenza Calabria 5868
4%
Tovo di Sant'Agata Sondrio Lombardia 648
4%
Tramonti Salerno Campania 4022
4%
Tramutola Potenza Basilicata 2946
4%
Trappeto Palermo Sicilia 2987
4%
Traves Torino Piemonte 506
4%
Travo Piacenza Emilia-Romagna 2110
4%
Trecastelli Ancona Marche 7467
4%
Trecchina Potenza Basilicata 2159
4%
Tredozio Forlì-Cesena Emilia-Romagna 1142
4%
Tregnago Verona Veneto 4902
4%
Treia Macerata Marche 9123
4%
Tremezzina Como Lombardia 5046
4%
Trentinara Salerno Campania 1548
4%
Trentola Ducenta Caserta Campania 19881
4%
Trequanda Siena Toscana 1203
4%
Tresignana Ferrara Emilia-Romagna 6883
4%
Trevenzuolo Verona Veneto 2756
4%
Tribiano Milano Lombardia 3654
4%
Tribogna Genova Liguria 584
4%
Tricesimo Udine Friuli-Venezia Giulia 7604
4%
Trigolo Cremona Lombardia 1632
4%
Triora Imperia Liguria 360
4%
Trissino Vicenza Veneto 8675
4%
Trivento Campobasso Molise 4499
4%
Trivigno Potenza Basilicata 603
4%
Trovo Pavia Lombardia 1023
4%
Tufillo Chieti Abruzzo 370
4%
Tursi Matera Basilicata 4849
4%
Tusa Messina Sicilia 2663
4%
Talana Ogliastra Sardegna 971
0%
Talmassons Udine Friuli-Venezia Giulia 3900
0%
Tarano Rieti Lazio 1382
0%
Taranta Peligna Chieti Abruzzo 343
0%
Tarantasca Cuneo Piemonte 2171
0%
Tartano Sondrio Lombardia 196
0%
Tassarolo Alessandria Piemonte 600
0%
Taurano Avellino Campania 1476
0%
Taurasi Avellino Campania 2193
0%
Tavagnasco Torino Piemonte 774
0%
Tavazzano con Villavesco Lodi Lombardia 5919
0%
Tavenna Campobasso Molise 624
0%
Tavernerio Como Lombardia 5740
0%
Tavigliano Biella Piemonte 934
0%
Tavoleto Pesaro e Urbino Marche 852
0%
Telese Terme Benevento Campania 7665
0%
Telti Gallura Nord-Est Sardegna Sardegna 2224
0%
Telve Trento Trentino-Alto Adige 1898
0%
Telve di Sopra Trento Trentino-Alto Adige 590
0%
Tenna Trento Trentino-Alto Adige 1051
0%
Teora Avellino Campania 1450
0%
Terdobbiate Novara Piemonte 463
0%
Terelle Frosinone Lazio 311
0%
Terenzo Parma Emilia-Romagna 1172
0%
Tergu Sassari Sardegna 602
0%
Terme Vigliatore Messina Sicilia 7165
0%
Ternengo Biella Piemonte 270
0%
Terno d'Isola Bergamo Lombardia 8014
0%
Terragnolo Trento Trentino-Alto Adige 696
0%
Terranova dei Passerini Lodi Lombardia 919
0%
Terranova di Pollino Potenza Basilicata 1065
0%
Terranova Sappo Minulio Reggio Calabria Calabria 476
0%
Terranuova Bracciolini Arezzo Toscana 12105
0%
Terravecchia Cosenza Calabria 637
0%
Terre d'Adige Trento Trentino-Alto Adige 3053
0%
Terruggia Alessandria Piemonte 906
0%
Tertenia Ogliastra Sardegna 3839
0%
Terzo di Aquileia Udine Friuli-Venezia Giulia 2705
0%
Terzolas Trento Trentino-Alto Adige 654
0%
Terzorio Imperia Liguria 237
0%
Tesimo Bolzano Trentino-Alto Adige 1982
0%
Tessennano Viterbo Lazio 296
0%
Testico Savona Liguria 178
0%
Teti Nuoro Sardegna 617
0%
Teulada Sulcis Iglesiente Sardegna 3364
0%
Thiesi Sassari Sardegna 2826
0%
Ticineto Alessandria Piemonte 1304
0%
Tigliole Asti Piemonte 1701
0%
Tinnura Oristano Sardegna 239
0%
Tione degli Abruzzi L'Aquila Abruzzo 275
0%
Tires Bolzano Trentino-Alto Adige 1008
0%
Tocco da Casauria Pescara Abruzzo 2459
0%
Toceno Verbano-Cusio-Ossola Piemonte 728
0%
Toffia Rieti Lazio 1057
0%
Tollegno Biella Piemonte 2385
0%
Tolve Potenza Basilicata 3047
0%
Tonco Asti Piemonte 782
0%
Torano Castello Cosenza Calabria 4373
0%
Torchiarolo Brindisi Puglia 5205
0%
Torgnon Aosta Valle d'Aosta 555
0%
Torlino Vimercati Cremona Lombardia 488
0%
Tornaco Novara Piemonte 882
0%
Tornata Cremona Lombardia 442
0%
Tornimparte L'Aquila Abruzzo 2865
0%
Torno Como Lombardia 1123
0%
Tornolo Parma Emilia-Romagna 894
0%
Torpè Nuoro Sardegna 2712
0%
Torralba Sassari Sardegna 914
0%
Torrazza Coste Pavia Lombardia 1559
0%
Torrazza Piemonte Torino Piemonte 2974
0%
Torre Beretti e Castellaro Pavia Lombardia 531
0%
Torre Bormida Cuneo Piemonte 165
0%
Torrebruna Chieti Abruzzo 746
0%
Torre de' Roveri Bergamo Lombardia 2467
0%
Torre di Santa Maria Sondrio Lombardia 756
0%
Torre d'Isola Pavia Lombardia 2396
0%
Torre Mondovì Cuneo Piemonte 491
0%
Torre Pallavicina Bergamo Lombardia 1091
0%
Torre San Giorgio Cuneo Piemonte 725
0%
Torrevecchia Pia Pavia Lombardia 3498
0%
Torrevecchia Teatina Chieti Abruzzo 4165
0%
Torricella in Sabina Rieti Lazio 1364
0%
Torricella Verzate Pavia Lombardia 823
0%
Torri in Sabina Rieti Lazio 1196
0%
Torrile Parma Emilia-Romagna 7702
0%
Torrita di Siena Siena Toscana 7078
0%
Torrita Tiberina Roma Lazio 1047
0%
Torviscosa Udine Friuli-Venezia Giulia 2677
0%
Tossicia Teramo Abruzzo 1253
0%
Tovo San Giacomo Savona Liguria 2514
0%
Tramatza Oristano Sardegna 943
0%
Trambileno Trento Trentino-Alto Adige 1468
0%
Tramonti di Sopra Pordenone Friuli-Venezia Giulia 286
0%
Tramonti di Sotto Pordenone Friuli-Venezia Giulia 346
0%
Trana Torino Piemonte 3788
0%
Traona Sondrio Lombardia 2828
0%
Trarego Viggiona Verbano-Cusio-Ossola Piemonte 408
0%
Trasacco L'Aquila Abruzzo 5978
0%
Trasaghis Udine Friuli-Venezia Giulia 2116
0%
Trasquera Verbano-Cusio-Ossola Piemonte 174
0%
Tratalias Sulcis Iglesiente Sardegna 993
0%
Travacò Siccomario Pavia Lombardia 4450
0%
Travedona Monate Varese Lombardia 3868
0%
Traversella Torino Piemonte 323
0%
Traversetolo Parma Emilia-Romagna 9556
0%
Travesio Pordenone Friuli-Venezia Giulia 1780
0%
Trecenta Rovigo Veneto 2581
0%
Treglio Chieti Abruzzo 1687
0%
Treiso Cuneo Piemonte 774
0%
Treppo Grande Udine Friuli-Venezia Giulia 1686
0%
Treppo Ligosullo Udine Friuli-Venezia Giulia 702
0%
Tresana Massa-Carrara Toscana 1925
0%
Trescore Cremasco Cremona Lombardia 2766
0%
Tresivio Sondrio Lombardia 2007
0%
Tresnuraghes Oristano Sardegna 1116
0%
Trevi nel Lazio Frosinone Lazio 1741
0%
Trezzone Como Lombardia 234
0%
Trezzo Tinella Cuneo Piemonte 310
0%
Tribano Padova Veneto 4267
0%
Tricerro Vercelli Piemonte 672
0%
Triei Nuoro Sardegna 1055
0%
Trinità d'Agultu e Vignola Sassari Sardegna 2216
0%
Tripi-Abakainon Messina Sicilia 769
0%
Trisobbio Alessandria Piemonte 670
0%
Triuggio Monza e della Brianza Lombardia 8649
0%
Trivigliano Frosinone Lazio 1619
0%
Trivignano Udinese Udine Friuli-Venezia Giulia 1586
0%
Trivolzio Pavia Lombardia 2316
0%
Trodena nel parco naturale Bolzano Trentino-Alto Adige 1043
0%
Tromello Pavia Lombardia 3640
0%
Trontano Verbano-Cusio-Ossola Piemonte 1633
0%
Tronzano Lago Maggiore Varese Lombardia 219
0%
Tronzano Vercellese Vercelli Piemonte 3383
0%
Tubre Bolzano Trentino-Alto Adige 968
0%
Tufara Campobasso Molise 822
0%
Tuili Medio Campidano Sardegna 968
0%
Tula Sassari Sardegna 1469
0%
Tuoro sul Trasimeno Perugia Umbria 3738
0%
Turania Rieti Lazio 228
0%
Turano Lodigiano Lodi Lombardia 1539
0%
Turriaco Gorizia Friuli-Venezia Giulia 2808
0%
Turrivalignani Pescara Abruzzo 791
0%
Nessun quiz corrispondente trovato
Distribuzione punteggi
Percentuale di utenti per punteggio
Percentile per numero di risposta
I tuoi punteggi nel tempo
Non hai fatto questo quiz